• 首页
  • 本馆介绍
  • 公告通知
  • 最新文献
  • 馆藏检索
  • 电子资源
  • 读者导购
  • 参考咨询
  • 我的图书馆
  • 登录
  • 详细信息显示
  • 放入我的书架
  • 预约/预借图书
  • 作者相关作品
  • 分类相关作品
  • 丛书相关作品
  • 出版社相关作品

书目信息

  • 表格格式
  • 工作单格式
  • 卡片格式
题名:
高管控制权与财务自利行为
    
 
作者: 代彬 著
分册:  
出版信息: 北京   经济日报出版社  2014
页数: 176页
开本: 24cm
丛书名:
单 册:
中图分类: F279.246
科图分类:
主题词: 上市公司--企业管理--研究--中国 , 上市公司--财务管理--研究--中国
电子资源:
ISBN: 978-7-80257-631-5
000 01278nam0 2200289 450
001 339534
005 20150608162824.50
010    @a978-7-80257-631-5@dCNY36.00
100    @a20140805d2014 em y0chiy50 ea
101 0  @achi
102    @aCN@b110000
105    @ay z 000yy
106    @ar
200 1  @a高管控制权与财务自利行为@Agao guan kong zhi quan yu cai wu zi li xing wei@d= Executive control rights and financial self-serving behavior@e基于国有上市公司的理论与实证研究@f代彬著@zeng
210    @a北京@c经济日报出版社@d2014
215    @a176页@d24cm
300    @a四川外国语大学学术专著后期资助项目
300    @a经济日报学术文库
330    @a本书通过规范和实证相结合的研究方法, 深入探讨了我国国有上市公司在激励契约安排、资本配置行为和信息披露决策等方面产生自利性异化的驱动因素及影响机制, 期望能为已有研究中未能解释的现象提供一定的理论与经验证据。
510 1  @aExecutive control rights and financial self-serving behavior@zeng
517 1  @a基于国有上市公司的理论与实证研究@Aji yu guo you shang shi gong si de li lun yu shi zheng yan jiu
606 0  @a上市公司@x企业管理@x研究@y中国
606 0  @a上市公司@x财务管理@x研究@y中国
690    @aF279.246@v5
701  0 @a代彬@Adai bin@f(1982)@4著
801  0 @aCN@b卓展宏图@c20150525
905    @dF279.246@e1240@f4
    
    高管控制权与财务自利行为= Executive control rights and financial self-serving behavior:基于国有上市公司的理论与实证研究/代彬著.-北京:经济日报出版社,2014
    176页;24cm
    四川外国语大学学术专著后期资助项目.-经济日报学术文库
    
    ISBN 978-7-80257-631-5:CNY36.00
    本书通过规范和实证相结合的研究方法, 深入探讨了我国国有上市公司在激励契约安排、资本配置行为和信息披露决策等方面产生自利性异化的驱动因素及影响机制, 期望能为已有研究中未能解释的现象提供一定的理论与经验证据。
●
相关链接 在E读中查询图书 在五车中查询图书 在当当中查询图书 在豆瓣中查询图书


正题名:高管控制权与财务自利行为     索取号:F279.246/1240         预约/预借

序号 登录号 条形码 馆藏地/架位号 状态 备注
1 863042   208630427   第一样本阅览室/ [索取号:F279.246/1240] 在馆    
2 863043   208630436   第一借阅区/ [索取号:F279.246/1240] 在馆    
3 863044   208630445   第一借阅区/ [索取号:F279.246/1240] 在馆    
4 863045   208630454   密集书库-海洋学院/ [索取号:F279.246/1240] 在馆    
唐山师范学院图书馆 欢迎您!
大连网信软件有限公司© 版权所有